01381cam a2200301 a 45000010009000000050017000090080041000260100015000670200030000820400028001120430012001400820023001521000029001752450136002042600043003403000044003835040041004275050215004686100050006836500036007336500043007696530025008126550024008377000034008619420023008959990017009189520144009351531140120141127155807.0080530s2008 ii ad frb 000 0 eng d a2008022533 a9780761936565 (hard back) aDLCcDLCdDLCdEG-ScBUE aa-ii---00a332.10954222bMAL1 aMallick, Indrajit93668510aFinancial intermediation in a less developed economy :bthe history of the United Bank of India /cIndrajit Mallick, Sugata Marjit. aNew Delhi :bSAGE Publications,c2008. axlv, 274 p. :bcharts, tables ;c23 cm. aIncludes bibliographical references.0 aThe roots-Banking crisis and the merger-Post merger developments(1950-1969)-Nationalization and the organizational challenge-The years of development banking-The crisis years(1985-2000)-The recovery and beyond.20aUnited Bank of India (Calcutta, India)936686 0aBanks and bankingzIndia936687 0aIntermediation (Finance)zIndia936688 bBUSADMcNovember2014 vreading book9342321 aMarjit, Sugata,d1959-936689 2ddck332.10954 MAL c18679d18651 00102ddc40708BaccahaMAINbMAINc1STd2014-11-27epurchaseg364.00h20677l0o332.10954 MALp000037061r2025-07-15 00:00:00v455.00yBB